000 00723nam a2200253Ia 4500
003 OSt
005 20220928101606.0
006 a|||||r|||| 00| 0
007 ta
008 220927b |||||||| |||| 00| 0 eng d
020 _a9780878936069
024 _a120278
037 _bGift, 28/11/2013,
_cTextual
040 _aSDCL
_cSDCL
_beng
041 _2eng
_aeng
082 _aG9M:66:f3, Q1;1
100 _aHall Barry G.
_9392199
245 0 _aPhylogenetic trees made easy
_b A how to manual
260 _aSunderland
_bSinauer
_c2011
300 _a1;282p
_ccm.
650 _aBiophysics
_9392200
942 _hG9M:66:f3, Q1;1
_cTEXL
_2CC
999 _c707997
_d707997